000 00701nam a2200205Ia 4500
003 GCL
008 140319s9999 xx 000 0 ara d
040 _aGCL /
_cGCL
082 0 4 _aد
_b050
100 1 _aسامى مكى العانى
245 1 0 _aالاسلام والشعر (عالم المعرفة 66) /
_cسامى مكى العانى
260 _a[S.N] :
_bالمجلس الوطنى للثقافة والفنون والاداب ،
_c1983
300 _a300 ص
490 _aعالم المعرفة
_v0
650 0 4 _aالشعر العربى
650 0 4 _aالادب العربى
650 0 4 _aالشعر الدينى
650 0 4 _aالاسلام والادب العربى
942 _2ddc
_cBK
999 _c35927
_d35927